|
|
|
|
| LEADER |
00849cam a2200229 7i4500 |
| 001 |
0000080573 |
| 005 |
20231130090000.0 |
| 020 |
|
|
|a 9781119072348 (electronic book)
|
| 090 |
0 |
0 |
|a PA3829
|b .C66 2022
|
| 245 |
0 |
2 |
|a A companion to Aeschylus
|c edited by Peter Burian, Jacques Bromberg.
|
| 264 |
|
|
|a Hoboken, NJ:
|b John Wiley & Sons Ltd,
|c 2022.
|
| 300 |
|
|
|a 1 online resource (xiv, 572 pages):
|b text file, PDF.
|
| 336 |
|
|
|a text
|2 rdacontent
|
| 337 |
|
|
|a computer
|2 rdamedia
|
| 338 |
|
|
|a online resource
|2 rdacarrier
|
| 650 |
|
0 |
|a Aeschylus --
|x Criticism and interpretation
|
| 650 |
|
0 |
|a Greek drama (Tragedy) --
|x History and criticism
|
| 655 |
|
0 |
|a Electronic books
|
| 700 |
1 |
|
|a Burian, Peter
|
| 700 |
0 |
|
|a Bromberg, Jacques A.
|
| 856 |
4 |
2 |
|u http://library.unisel.edu.my/web/guest/mylibrary
|
| 999 |
|
|
|a EBO0022511
|b EBOOK
|c EBOOK
|e Electronic resources
|